El futuro de América Latina.

Salvato in:
Dettagli Bibliografici
Autore principale: Stavenhagen, Rodolfo (autor)
Altri autori: Sotelo, Ignacio (autor) (autor), Saxe-Fernández, John (autor) (autor)
Natura: Libro
Lingua:spagnolo
Serie:(Fichas/Guillermo Ravinovich, dir. ; no. 52)
Soggetti:
Tags: Aggiungi Tag
Nessun Tag, puoi essere il primo ad aggiungerne!!

MARC

LEADER 00000cam^a2200000uu^4500
001 000495368
005 20250521000000.0
008 051506s^^^^^^^^^^^^^^^^rd^r^^000^0^spa^d
009 20260526150904.607
035 |a FCE 000038772 
035 |a FCE 038821 
037 |a Acervo ITESO - Biblioteca 
041 |a spa 
082 0 4 |a 082.1  |b FNV 52 
100 |a Stavenhagen, Rodolfo  |e (autor) 
245 1 3 |a El futuro de América Latina. 
264 |a Buenos Aires :  |b Nueva Visión,  |c 1975. 
300 |a 153 p. 
336 |a texto  |b txt  |2 rdacontenido 
337 |a sin mediación  |b n  |2 rdamedio 
338 |a volumen  |b nc  |2 rdasoporte 
440 0 |a (Fichas/Guillermo Ravinovich, dir. ;  |v no. 52) 
596 |a Los trabajos que componen el presente volumen fueron publicados originalmente en la Revista Mexicana de Ciencia Política, año xviii, no. 67, enero-marzo de 1972 
649 |a XX 
650 |a Sociología 
650 |a Desarrollo 
650 |a Revolución 
650 |a América Latina 
700 |a Sotelo, Ignacio  |e (autor) 
700 |a Saxe-Fernández, John  |e (autor) 
910 |a Fondo Centro de Estudios Educativos 
920 |a Impresos - Libros 
930 |a Fondos Especiales 
905 |a 133 
901 |a ALE038821  |b IT2  |c CEE  |u 20250521 
902 |a https://opac.biblio.iteso.mx/vufind/Record/000495368